000 00453nam a2200181Ia 4500
001 1158
005 20260306140611.0
008 260306t1995||||xx |||||||||||||| ||spa||
041 _aESP
082 _a185
_bJ14
100 _aJaeger, Werner
_eAUT
245 0 _aAristóteles:
_bbases para la historia de su desarrollo intelectual
260 _c1995
300 _a556 páginas :
_c22 cm.
650 _aGEN
654 _aCHU
942 _cLIB
_dJUS
_fJUS
_2ddc
_n
999 _c1158
_d1158